| 000 | 00539nam a2200193Ia 4500 | ||
|---|---|---|---|
| 999 |
_c1617 _d1617 |
||
| 003 | OSt | ||
| 005 | 20200925103710.0 | ||
| 008 | 190216s9999||||xx |||||||||||||| ||und|| | ||
| 020 | _a9780130800176 | ||
| 040 | _coclc | ||
| 082 |
_a576.5 _bKLU/E |
||
| 100 |
_aKlug, William S _94987 |
||
| 245 | 0 |
_aEssentials Of Genetics / _cWilliam S Klug ; M R Cummings |
|
| 250 | _a3rd Ed. | ||
| 260 |
_bPrentice Hall, _aNew Jersey: _c1999. |
||
| 300 | _a567p | ||
| 650 | _aBotany | ||
| 942 |
_cBK _2ddc _h576.5 _iKLU/E _k576.5 _mKLU/E |
||